| 000 | 02465nam a2200493Ia 4500 | ||
|---|---|---|---|
| 001 | dia_5778 | ||
| 003 | CHAP | ||
| 005 | 20240417084629.0 | ||
| 007 | ta | ||
| 008 | 220117s2014 mx abdof 001 0 spa d | ||
| 040 |
_amxchpua _cCHAP |
||
| 090 |
_aT.C.634 _bR36 IA _c2014 |
||
| 245 | 1 | 0 |
_aReporte de la fase de campo al Bajío _ccoordinador Marco Favio Ramírez Sepúlveda ; colaboradores Kenia Alvarado Galnares...[y otros] |
| 260 |
_aMéxico : _bEl autor, _c2014 |
||
| 300 |
_a337 páginas : _bilustraciones, tablas, gráficas, mapas, fotos |
||
| 336 |
_2rdacontent _atexto _btxt |
||
| 337 |
_2rdamedia _ano mediado _bn |
||
| 338 |
_2rdacarrier _avolumen _bnc |
||
| 500 | _aGrado: 4° año Grupo: 04 Directorio: p. 334-336 | ||
| 502 |
_aViaje de estudios _b(IA) -- _cUACh. Departamento de Ingeniería Agroindustrial, _d2014 |
||
| 504 | _aBibliografía: página 337 | ||
| 505 | 0 | 0 | _tEmpresas visitadas: -- 1.BETA San Miguel Ingenio Quesería, S. A. de C. V. -- 2.Embutidos Corona -- 3.Limones Tito, S. A. de C. V. -- 4. ita Rosa, S. A. de C. V. -- 5.Barcel, S. A. de C. V. -- 6.La Cristalina -- 7.Fábrica de chocolates Nestlé -- 8.Pilgim´s México -- 9.El grano del Valle, S. A. de C. V. -- 10.Café Nogueras -- 11.Industrializadora de agave San Isidro, S. A. de C. V. -- 12.Cervecería Modelo de Guadalajara, S. A. de C. V. -- 13.Congeladora Interfrut, S. A. de C. V. -- 14.Vinos La Redonda -- 15.La tradicional de Salgado -- 16.Quesería Néole -- 17.Tequilera Corralejo, S. A. de C. V. -- 18.Cavas Freixenet México -- 19.Quesos VAI |
| 650 | 1 | 3 |
_aChocolate _922816 |
| 650 | 1 | 3 |
_aIndustria cervecera _957799 |
| 650 | 1 | 3 |
_aIndustria de los alimentos _9148659 |
| 650 | 1 | 3 |
_aProductos del café _9150527 |
| 650 | 1 | 3 |
_aIndustria quesera _9142511 |
| 650 | 1 | 3 |
_aTequila _9112336 |
| 650 | 1 | 3 |
_aCongelación _9149366 |
| 650 | 1 | 3 |
_aBrewing industry _9151423 |
| 650 | 1 | 3 |
_aCheese industry _9154162 |
| 650 | 1 | 3 |
_aFood industry _9148657 |
| 650 | 1 | 3 |
_aFreezing _9161659 |
| 650 | 1 | 3 |
_aCoffee products _9155323 |
| 700 | 1 |
_aRamírez Sepúlveda, Marco Favio _9150304 _ecoordinador |
|
| 700 | 1 |
_aAlvarado Galnares, Kenia _9159527 _ecolaborador |
|
| 856 | 4 | 2 |
_uhttp://10.13.5.2/ve/TC634IA/TC634IA2014-REPORTE.pdf _yDESCARGAR REPORTE |
| 901 | _aT.C.634 R36 IA 2014 | ||
| 902 | _aM | ||
| 905 | _a5232272014 mx lb 8223123322spa16 | ||
| 942 | _2local | ||
| 942 | _cVE | ||
| 999 |
_c176790 _d176790 |
||